| 000 | 00659nam a22001937a 4500 | ||
|---|---|---|---|
| 003 | ASAB | ||
| 005 | 20180827062813.0 | ||
| 008 | 180301t xxu||||| |||| 00| 0 eng d | ||
| 040 | _cASAB | ||
| 082 | _aThesis 2016 AS | ||
| 100 |
_aAdeena Shafique-sup-Dr. Saadia Zahid _93541 |
||
| 245 |
_aTH-MS-Is Sphingosine 1-phosphate (S1P) produced by Sphingosine Kinase 2 ( SphK2); Important for learning and Memory? _cAdeena Shafique-sup-Dr. Saadia Zahid |
||
| 250 | _a2016 | ||
| 260 |
_aIslamabad. _bASAB Nust Islamabad. _c2016 |
||
| 300 | _a45 P. | ||
| 630 |
_asphingosine kinase 2 SphK2 _93542 |
||
| 630 |
_asphingosine 1-phosphate S1P _93543 |
||
| 942 |
_2ddc _cTH |
||
| 999 |
_c480740 _d480740 |
||